Az útkeresés útvesztői
Elmentve itt :
| Szerző: | |
|---|---|
| Adatforrás: | Meister |
| Forrásdokumentuma: | Korunk. - 6 sz., 1991, 759 p. |
| Nyelv: | magyar |
| Kulcsszavak: | faluszociológia agrárpolitika román földtörvény, 1990 |
| LEADER | 00391nab a2200145 i 4500 | ||
|---|---|---|---|
| 001 | bibPRO00001920 | ||
| 008 | 060524s1991 xx hun | ||
| 040 | |a Sz1 | ||
| 041 | |a hun | ||
| 100 | 1 | |a MÁTHÉ Dénes | |
| 245 | 1 | 3 | |a Az útkeresés útvesztői |c MÁTHÉ Dénes |
| 695 | |a faluszociológia | ||
| 695 | |a agrárpolitika | ||
| 695 | |a román földtörvény, 1990 | ||
| 773 | 0 | |t Korunk. - |g 6 sz., 1991, 759 p. | |